| 000 | 00728nam a2200217Ia 4500 | ||
|---|---|---|---|
| 001 | 17056 | ||
| 003 | GE_BSU | ||
| 008 | 181216s||||||||xx |||||||||||||| ||und|| | ||
| 040 | _cGE_BSU | ||
| 080 | _a821.353.1 | ||
| 100 | _aაბაშიძე, სამსონ | ||
| 245 | _aნაწერები | ||
| 245 | _cს. ხუციშვილის რედაქციით, წინასიტყვაობით და შენიშვნებით. | ||
| 260 | _aთბილისი | ||
| 260 | _bთბილ. უნ-ტის გამ-ბა | ||
| 260 | _c1957 | ||
| 300 | _a134გვ.18სმ. | ||
| 300 | _eშენიშვნ. გვ.116 | ||
| 653 | _aნაწერები | ||
| 942 | _cBK | ||
| 999 |
_c50118 _d50118 |
||